000 00487nam a22002057a 4500
003 bpm
005 20260325113047.0
008 260325b |||||||| |||| 001 p spa d
020 _a9871224052
024 _aS. C. C. / M. C. y E. M.:
040 _aAR-CtUCP
041 _aspa
080 _aCDU
100 _aOperé Fernando
245 _aMemorial del olvido
260 _aResistencia
_bLibrería de la Paz
_c2005
650 _aLiteruta-Poesía
942 _cLIB
999 _c76591
_d76591